Retórica de la comunicación visual

Guardat en:
Dades bibliogràfiques
Autor principal: Ahumada Gallardo, Norman
Format: Llibre
Idioma:espanyol
Publicat: Concepción Universidad del Bío-Bío 2006
Matèries:
Etiquetes: Afegir etiqueta
Sense etiquetes, Sigues el primer a etiquetar aquest registre!

MARC

LEADER 00000nam a2200000 a 4500
001 UCJ0526
003 CL-VaPUC
005 20240401103524.0
008 060811e20060000CL |||||||||||||||||spa|d
999 |c 317358  |d 317356 
020 |a 9567813442 
040 |c Pontificia Universidad Católica de Valparaíso 
082 0 4 |a 741.67 AHU 2006  |2 21 
100 0 |a Ahumada Gallardo, Norman  |9 500768 
245 1 0 |a Retórica de la comunicación visual 
260 |a Concepción  |b Universidad del Bío-Bío  |c 2006 
300 |a 136 páginas 
583 |a last modification  |c 20140406 06:24:42  |k Rodrigo Vera 
650 0 |a Diseño gráfico  |9 266874 
650 0 |a Publicidad  |9 314572 
650 0 |a Comunicación visual   |9 265349 
650 0 |a Retórica   |9 266620 
650 0 |a Medios de comunicación de masas  |9 257273 
942 |c BK  |2 ddc 
945 |d 20060811 00:00:00  |a cmena 
952 |0 0  |1 0  |2 ddc  |4 0  |6 741_670000000000000_AHU_2006  |7 0  |8 A  |9 393647  |a BIBARQ  |b BIBARQ  |d 2019-11-22  |i 4263391  |o 741.67 AHU 2006  |p 4263391  |r 2025-01-20  |t 4  |w 2019-11-22  |y BK  |k ARQ 
952 |0 0  |1 0  |2 ddc  |4 0  |6 741_670000000000000_AHU_2006  |7 0  |8 A  |9 393648  |a BIBARQ  |b BIBARQ  |d 2019-11-22  |i 4263405  |o 741.67 AHU 2006  |p 4263405  |r 2025-01-20  |t 5  |w 2019-11-22  |y BK  |k ARQ 
952 |0 0  |1 1  |2 ddc  |4 0  |6 741_670000000000000_AHU_2006  |7 0  |8 A  |9 393649  |a BIBARQ  |b BIBARQ  |d 2019-11-22  |i 4263413  |o 741.67 AHU 2006  |p 4263413  |r 2019-11-22  |t 6  |w 2019-11-22  |x Retirado en Inventario 2023  |y BK  |k ARQ 
952 |0 0  |1 0  |2 ddc  |4 0  |6 741_670000000000000_AHU_2006  |7 0  |8 A  |9 393650  |a BIBART  |b BIBART  |d 2019-11-22  |i 4263421  |o 741.67 AHU 2006  |p 4263421  |r 2025-03-13  |t 7  |w 2019-11-22  |y BK  |k ART 
952 |0 0  |1 0  |2 ddc  |4 0  |6 741_670000000000000_AHU_2006  |7 0  |8 A  |9 393653  |a BIBCUR  |b BIBCUR  |d 2019-11-22  |i 4263456  |o 741.67 AHU 2006  |p 4263456  |r 2025-04-22  |t 1  |w 2019-11-22  |y BK  |k PER 
952 |0 0  |1 0  |2 ddc  |4 0  |6 741_670000000000000_AHU_2006  |7 0  |8 A  |9 393654  |a BIBCUR  |b BIBCUR  |d 2019-11-22  |i 4263464  |o 741.67 AHU 2006  |p 4263464  |r 2025-04-22  |t 2  |w 2019-11-22  |y BK  |k PER 
952 |0 0  |1 0  |2 ddc  |4 0  |6 741_670000000000000_AHU_2006  |7 0  |8 A  |9 393655  |a BIBCUR  |b BIBCUR  |d 2019-11-22  |i 4263472  |o 741.67 AHU 2006  |p 4263472  |r 2025-04-22  |t 3  |w 2019-11-22  |y BK  |k PER 
952 |0 0  |1 0  |2 ddc  |4 0  |6 741_670000000000000_AHU_2006  |7 0  |8 A  |9 393656  |a FDOPOS  |b FDOPOS  |d 2019-11-22  |i 4281896  |o 741.67 AHU 2006  |p 4281896  |r 2025-01-22  |t 10  |w 2019-11-22  |y BK  |k MLH